Trzyliterowe pierwiastki chemiczne w 60 sekund - Statystyki

Ogólne statystyki
  • Ten quiz został rozwiązany 40 razy
  • Średni wynik to 10 z 20
Statystyki odpowiedzi
Odpowiedź % Poprawnych
hel
88%
jod
79%
bor
74%
lit
74%
rad
68%
bar
62%
cez
62%
itr
62%
sód
62%
gal
50%
tal
47%
osm
44%
erb
38%
ind
35%
ren
35%
rod
35%
cer
32%
tul
32%
tor
29%
has
26%
Nie znaleziono quizów pasujących do podanych kryteriów
Rozkład punktacji
Procent ludzi z każdym wynikiem
Percentyl według liczby udzielonych odpowiedzi
Twoja historia wyników
Nie rozwiązałeś tego quizu